Statistics for Double R Geography Answers

Click here to take the quiz!

General Stats

  • This quiz has been taken 118 times
  • The average score is 10 of 18

Answer Stats

HintAnswer% Correct
Capital of AustraliaCanberra
96%
Country in the PyreneesAndorra
92%
Sea between Europe and AfricaMediterranean Sea
88%
Austria in German languageÖsterreich
74%
Canadian provinces and...Territories
72%
Black, blue, straw, cran...Berry
67%
Popular Indian combination of spices and herbsCurry
67%
Capital of PennsylvaniaHarrisburg
61%
Third largest city in MexicoMonterrey
60%
Southernmost archipelago of South AmericaTierra del Fuego
58%
Sea between Sicily and CorsicaTyrrhenian Sea
44%
Mountain range of the Mount WhitneySierra Nevada
39%
Myanmar's main riverIrrawaddy
37%
Strait between Australia and New GuineaTorres Strait
28%
Strait between Norway, Denmark and SwedenSkagerrak
23%
Serrated mountain in the CaribbeanMontserrat
20%
Currency of EthiopiaBirr
19%
Acapulco stateGuerrero
16%

Score Distribution

Percentile by Number Answered

Percent of People with Each Score

Your Score History

You have not taken this quiz